[Event "FRA-chT2 Nord 0708"]
[Site "France"]
[Date "2008.04.06"]
[Round "11.7"]
[White "Tornare, Michel"]
[Black "Galaczy, Marie"]
[Result "1-0"]
[WhiteElo "1499"]
[BlackElo "1430"]
[PlyCount "51"]
[EventDate "2007.10.21"]
[EventType "team"]
[EventRounds "11"]
[EventCountry "FRA"]
[SourceTitle "EXT 2009"]
[Source "ChessBase"]
[SourceDate "2008.11.26"]
[SourceVersion "1"]
[SourceVersionDate "2008.11.26"]
[SourceQuality "1"]
[WhiteTeam "Rueil Malmaison"]
[BlackTeam "Le Touquet"]
[WhiteTeamCountry "FRA"]
[BlackTeamCountry "FRA"]

1. Nf3 d5 2. g3 e6 3. Bg2 c5 4. 0-0 Nc6 5. d3 Bd6 6. Nbd2 Nge7 7. e4 e5 8. exd5 Nxd5 9. Nc4 Bc7 10. Re1 Bg4 11. h3 Bxf3 12. Qxf3 Nf6 13. Be3 Qe7 14. c3 Rd8 15. Rad1 Nd5 16. a4 a6 17. d4 Nf6 18. dxe5 Rxd1 19. Qxd1 Nxe5 20. Bf4 Nfd7 21. Nxe5 Bxe5 22. Bxe5 Nxe5 23. f4 0-0 24. Rxe5 Qc7 25. Qe2 Qc8 26. Re7 1-0

[Event "FRA-chT2 Nord 0708"]
[Site "France"]
[Date "2008.03.15"]
[Round "8.8"]
[White "Mousset Evtouchenko, Nina"]
[Black "Galaczy, Marie"]
[Result "1-0"]
[WhiteElo "1835"]
[BlackElo "1430"]
[PlyCount "69"]
[EventDate "2007.10.21"]
[EventType "team"]
[EventRounds "11"]
[EventCountry "FRA"]
[SourceTitle "EXT 2009"]
[Source "ChessBase"]
[SourceDate "2008.11.26"]
[SourceVersion "1"]
[SourceVersionDate "2008.11.26"]
[SourceQuality "1"]
[WhiteTeam "Club 608"]
[BlackTeam "Le Touquet"]
[WhiteTeamCountry "FRA"]
[BlackTeamCountry "FRA"]

1. c4 Nf6 2. Nc3 e5 3. g3 d5 4. cxd5 Nxd5 5. Bg2 c6 6. a3 Be6 7. e4 Nf6 8. Nge2 Qd3 9. 0-0 Bc5 10. b4 Bb6 11. Na4 Bb3 12. Qe1 Bxa4 13. Bb2 Nbd7 14. Nc1 Qd6 15. d3 0-0 16. Qd2 c5 17. Bc3 Rac8 18. Kh1 c4 19. f4 Ng4 20. fxe5 Ndxe5 21. d4 Nd7 22. e5 Qh6 23. Qxh6 Nxh6 24. Bxb7 Bc6+ 25. Bxc6 Rxc6 26. d5 Rg6 27. Ne2 Ng4 28. Nf4 Rh6 29. Ra2 Ndxe5 30. Re2 Ne3 31. Rfe1 Nf3 32. Rc1 Re8 33. b5 g5 34. Rf1 Nxf1 35. Rxe8# 1-0

[Event "FRA-chT2 Nord 0708"]
[Site "France"]
[Date "2007.11.25"]
[Round "3.8"]
[White "Galaczy, Marie"]
[Black "Plumelle, Corinne"]
[Result "0-1"]
[WhiteElo "1460"]
[BlackElo "1410"]
[PlyCount "134"]
[EventDate "2007.10.21"]
[EventType "team"]
[EventRounds "11"]
[EventCountry "FRA"]
[SourceTitle "EXT 2009"]
[Source "ChessBase"]
[SourceDate "2008.11.26"]
[SourceVersion "1"]
[SourceVersionDate "2008.11.26"]
[SourceQuality "1"]
[WhiteTeam "Le Touquet"]
[BlackTeam "Franconville"]
[WhiteTeamCountry "FRA"]
[BlackTeamCountry "FRA"]

1. e4 c5 2. Nf3 e6 3. c4 Qc7 4. Nc3 a6 5. d3 Nc6 6. g3 Nf6 7. Bg2 Be7 8. 0-0 0-0 9. Re1 d6 10. b3 b6 11. h3 Bb7 12. Bb2 Nd7 13. Re3 Bf6 14. Rb1 Nde5 15. Ne1 Nd4 16. f4 Nd7 17. Bh1 g6 18. h4 Bg7 19. Ne2 Nxe2+ 20. Qxe2 e5 21. h5 Nf6 22. hxg6 fxg6 23. fxe5 dxe5 24. Nf3 Ng4 25. Ng5 Nxe3 26. Ne6 Qf7 27. Nxf8 Rxf8 28. Qxe3 Qe6 29. Bg2 Bc8 30. Rf1 Rxf1+ 31. Kxf1 Qf6+ 32. Ke2 h5 33. Bc1 Kh7 34. Qg5 Qxg5 35. Bxg5 Kg8 36. Bd8 b5 37. a3 Bf8 38. Bc7 b4 39. axb4 cxb4 40. Bxe5 Bg4+ 41. Bf3 Bd7 42. Ke3 Kf7 43. Kd4 Ke6 44. Bc7 Bc6 45. c5 Bg7+ 46. Ke3 Bc3 47. d4 Kd7 48. Bf4 Bb2 49. Kd3 Bb5+ 50. Ke3 Bc1+ 51. Kf2 Bb2 52. Be3 Bd3 53. Bg2 Bc2 54. Bh3+ Kc7 55. Bf4+ Kc6 56. Ke3 Bc1+ 57. Kf3 Bxf4 58. Kxf4 Bxb3 59. e5 Bc2 60. e6 Kd5 61. Ke3 Ba4 62. Kd3 Bb5+ 63. Ke3 b3 64. Bg2+ Kxe6 65. Be4 g5 66. d5+ Kd7 67. c6+ Kd6 0-1

[Event "FRA-chT2S 0203"]
[Site "France"]
[Date "2003.??.??"]
[Round "10.9"]
[White "Baldi, Elise"]
[Black "Galaczy, Marie"]
[Result "1-0"]
[WhiteElo "1770"]
[BlackElo "1400"]
[PlyCount "47"]
[EventDate "2002.10.??"]
[EventType "team"]
[EventRounds "11"]
[EventCountry "FRA"]
[SourceTitle "EXT 2004"]
[Source "ChessBase"]
[SourceDate "2003.11.25"]
[SourceVersion "1"]
[SourceVersionDate "2003.11.25"]
[SourceQuality "1"]
[WhiteTeam "Issy les Moulineaux"]
[BlackTeam "Le Touquet"]
[WhiteTeamCountry "FRA"]
[BlackTeamCountry "FRA"]

1. d4 c5 2. d5 Nf6 3. c4 g6 4. Nc3 Bg7 5. e4 d6 6. g3 e5 7. dxe6 fxe6 8. Bg2 0-0 9. Nb5 d5 10. exd5 Re8 11. Ne2 a6 12. Nbc3 Ng4 13. 0-0 Ne5 14. Qb3 Nf7 15. dxe6 Rxe6 16. Be3 Nd7 17. Rad1 Qc7 18. Nd5 Qa5 19. Bh3 Re8 20. Bxd7 Bxd7 21. Nb6 Bc6 22. Bd2 Ba4 23. Nxa4 Qc7 24. Be3 1-0

[Event "FRA-chT2S"]
[Site "France"]
[Date "2002.11.17"]
[Round "3.9"]
[White "Brih, Touatia"]
[Black "Galaczy, Marie"]
[Result "0-1"]
[WhiteElo "1860"]
[BlackElo "1400"]
[PlyCount "52"]
[EventDate "2002.10.??"]
[EventType "team"]
[EventRounds "11"]
[EventCountry "FRA"]
[SourceTitle "EXT 2004"]
[Source "ChessBase"]
[SourceDate "2003.11.25"]
[SourceVersion "1"]
[SourceVersionDate "2003.11.25"]
[SourceQuality "1"]

1. e4 d5 2. exd5 Qxd5 3. Nc3 Qa5 4. d4 Nf6 5. Bc4 Bf5 6. Bd2 Qb6 7. Nf3 Nbd7 8. 0-0 e6 9. Bb3 Bd6 10. d5 0-0-0 11. a4 Rhe8 12. a5 Qa6 13. Nd4 Bc5 14. Nxf5 exf5 15. Bf4 b6 16. Qf3 Ne4 17. Nxe4 Rxe4 18. Bxc7 Kxc7 19. Qxf5 Rde8 20. Ba4 R8e7 21. Bxd7 g6 22. Qh3 Rxd7 23. Qxh7 Rde7 24. Qh8 Bxf2+ 25. Rxf2 Re1+ 26. Rf1 Qxf1# 0-1